000 00554nam a2200193Ia 4500
005 20250423101341.0
008 250422s9999 xx 000 0 und d
020 _a9780132775878
050 _aHG 4915 .H383/
100 _a Haugen, Robert A.
245 4 _aThe new finance : overreaction, complexity, and their consequences
250 _a4th ed.
260 _aBoston
260 _bPearson
260 _c2012
300 _a141 p
650 _aEfficient market theory. Stocks--Prices--United States. Capital market--United States.
942 _cBK
999 _c36050
_d36050